[Event "Perth Metro CC-chC"]
[Site "Perth"]
[Date "2006.04.14"]
[Round "1"]
[White "Bell, T."]
[Black "Garcia, Mat"]
[Result "0-1"]
[WhiteElo "1484"]
[BlackElo "1489"]
[PlyCount "110"]
[EventDate "2006.02.02"]
[EventType "tourn"]
[EventRounds "11"]
[EventCountry "AUS"]
[SourceTitle "EXT 2010"]
[Source "ChessBase"]
[SourceDate "2010.11.25"]
[SourceVersion "1"]
[SourceVersionDate "2010.11.25"]
[SourceQuality "1"]

1. d4 d5 2. Nc3 c6 3. e4 dxe4 4. f3 exf3 5. Nxf3 Bg4 6. Bc4 e6 7. Be3 Nf6 8. 0-0 Be7 9. Ne2 0-0 10. h3 Bf5 11. Ng3 Bg6 12. Ne5 Nbd7 13. Nxg6 hxg6 14. Bg5 Nh7 15. Bxe7 Qxe7 16. Qd3 Rad8 17. Rae1 Nb6 18. Bb3 Qd7 19. c3 c5 20. Ne2 Qc6 21. Qe3 c4 22. Bc2 Qb5 23. b3 Nf6 24. Nf4 Nbd5 25. Qg3 Nxf4 26. Qxf4 Qa5 27. Rxe6 g5 28. Re5 Qxc3 29. Rxg5 Qxc2 30. Rxg7+ Kxg7 31. Qxf6+ Kh7 32. Qh4+ Kg7 33. Rf4 Rd6 34. Qg5+ Rg6 35. Qe5+ Kg8 36. Qd5 Qc1+ 37. Rf1 Qg5 38. Qxb7 cxb3 39. axb3 Qe3+ 40. Kh1 Qxd4 41. b4 Kg7 42. b5 Qb6 43. Qd5 Qd6 44. Qb7 a6 45. bxa6 Qxa6 46. Qb2+ Kh7 47. Rf4 Rfg8 48. Rh4+ Rh6 49. Qc2+ Qg6 50. Rxh6+ Kxh6 51. Qd2+ Kh7 52. Qf2 Re8 53. h4 Re6 54. Kg1 Rf6 55. h5 Qb1+ 0-1

[Event "Perth Metro CC-chC"]
[Site "Perth"]
[Date "2006.03.30"]
[Round "8"]
[White "Arnold, A."]
[Black "Bell, T."]
[Result "0-1"]
[WhiteElo "1318"]
[BlackElo "1484"]
[PlyCount "64"]
[EventDate "2006.02.02"]
[EventType "tourn"]
[EventRounds "11"]
[EventCountry "AUS"]
[SourceTitle "EXT 2010"]
[Source "ChessBase"]
[SourceDate "2010.11.25"]
[SourceVersion "1"]
[SourceVersionDate "2010.11.25"]
[SourceQuality "1"]

1. e4 Nf6 2. e5 Nd5 3. Bc4 Nb6 4. Bb3 d5 5. exd6 cxd6 6. d4 g6 7. h3 Bg7 8. Nf3 0-0 9. Bg5 Nc6 10. c3 Bf5 11. Bc2 Bxc2 12. Qxc2 Rc8 13. Qe2 Qc7 14. 0-0 Rfe8 15. Na3 a6 16. Rad1 d5 17. Rfe1 e5 18. dxe5 Nxe5 19. Nxe5 Bxe5 20. Qf3 d4 21. cxd4 Bxd4 22. Bf4 Qc5 23. Be3 Qa5 24. Qxb7 Nc4 25. Nxc4 Rxc4 26. Bd2 Rxe1+ 27. Bxe1 Qd8 28. Kf1 Qf6 29. Qb8+ Kg7 30. Rxd4 Qxd4 31. Bc3 Rxc3 32. bxc3 Qd1# 0-1

[Event "Perth Metro CC-chC"]
[Site "Perth"]
[Date "2006.03.15"]
[Round "6"]
[White "McLean, D."]
[Black "Bell, T."]
[Result "0-1"]
[WhiteElo "1459"]
[BlackElo "1484"]
[PlyCount "96"]
[EventDate "2006.02.02"]
[EventType "tourn"]
[EventRounds "11"]
[EventCountry "AUS"]
[SourceTitle "EXT 2010"]
[Source "ChessBase"]
[SourceDate "2010.11.25"]
[SourceVersion "1"]
[SourceVersionDate "2010.11.25"]
[SourceQuality "1"]

1. e4 e6 2. d4 d5 3. Nc3 Bb4 4. Nge2 dxe4 5. Bd2 Nf6 6. Bg5 h6 7. Bd2 0-0 8. a3 Ba5 9. Nxe4 Bxd2+ 10. Nxd2 Nc6 11. c3 e5 12. dxe5 Nxe5 13. Nc1 Re8 14. Be2 Bf5 15. 0-0 Qd6 16. Nf3 Rad8 17. Qxd6 Rxd6 18. Nd4 Bh7 19. h3 c5 20. Nf3 Nxf3+ 21. Bxf3 Rd2 22. Nb3 Rxb2 23. Nxc5 b6 24. Na4 Rd2 25. Rfd1 Red8 26. Rxd2 Rxd2 27. Rd1 Rxd1+ 28. Bxd1 Bd3 29. Nb2 Ba6 30. Bf3 Kf8 31. Bc6 Ke7 32. a4 Kd6 33. Bf3 Kc5 34. c4 Bxc4 35. Nxc4 Kxc4 36. Be2+ Kb4 37. Bb5 Nd5 38. Be8 f6 39. h4 Nc3 40. h5 Nxa4 41. g4 Nc3 42. Kg2 a5 43. f4 a4 44. Kg3 a3 45. Bf7 a2 46. Bxa2 Nxa2 47. Kh4 Kc4 48. g5 Kd4 0-1

[Event "Perth Metro CC-chC"]
[Site "Perth"]
[Date "2006.03.09"]
[Round "5"]
[White "Bell, T."]
[Black "Leeson, R."]
[Result "1-0"]
[WhiteElo "1484"]
[BlackElo "1338"]
[PlyCount "77"]
[EventDate "2006.02.02"]
[EventType "tourn"]
[EventRounds "11"]
[EventCountry "AUS"]
[SourceTitle "EXT 2010"]
[Source "ChessBase"]
[SourceDate "2010.11.25"]
[SourceVersion "1"]
[SourceVersionDate "2010.11.25"]
[SourceQuality "1"]

1. d4 d5 2. Nc3 Nf6 3. Bg5 e6 4. e3 Be7 5. Bd3 0-0 6. Nf3 Nbd7 7. Qe2 c5 8. dxc5 Nxc5 9. Ne5 Nxd3+ 10. Qxd3 Qd6 11. f4 a6 12. 0-0 Nd7 13. Bxe7 Qxe7 14. Nxd7 Bxd7 15. Rf3 Bc6 16. Rh3 g6 17. g4 f5 18. g5 b5 19. Rh6 Rad8 20. h4 Qa7 21. Qd4 Qe7 22. Kf2 Rc8 23. Rh1 b4 24. h5 gxh5 25. R1xh5 bxc3 26. Rxh7 Qxh7 27. Rxh7 Kxh7 28. bxc3 Kg6 29. Qb6 Bd7 30. Qxa6 Rxc3 31. Qd6 Rxc2+ 32. Kf3 Rf7 33. a4 Bxa4 34. Qxe6+ Kg7 35. Qh6+ Kg8 36. Qe6 d4 37. g6 dxe3 38. Qxf7+ Kh8 39. Qh7# 1-0

[Event "Perth Metro CC-chC"]
[Site "Perth"]
[Date "2006.03.02"]
[Round "3"]
[White "Bell, T."]
[Black "Jones, Naison"]
[Result "1-0"]
[WhiteElo "1484"]
[BlackElo "1392"]
[PlyCount "67"]
[EventDate "2006.02.02"]
[EventType "tourn"]
[EventRounds "11"]
[EventCountry "AUS"]
[SourceTitle "EXT 2010"]
[Source "ChessBase"]
[SourceDate "2010.11.25"]
[SourceVersion "1"]
[SourceVersionDate "2010.11.25"]
[SourceQuality "1"]

1. d4 d5 2. Nc3 c5 3. e4 dxe4 4. Bc4 Qxd4 5. Qxd4 cxd4 6. Nd5 Kd8 7. Bf4 Nc6 8. 0-0-0 e5 9. Bg3 Be6 10. Ne3 Bxc4 11. Nxc4 f6 12. f3 Bc5 13. fxe4 b5 14. Ne3 Nge7 15. Nf5 Nxf5 16. exf5 Ne7 17. Rf1 h5 18. Bh4 Nd5 19. Rf3 Ne3 20. Bf2 Nxg2 21. Rg3 Nf4 22. Rxg7 Bf8 23. Rf7 Nd5 24. Nf3 a6 25. Nh4 Ke8 26. Rb7 Bh6+ 27. Kb1 Rf8 28. Rh7 Be3 29. Bxe3 Nxe3 30. Rg1 Ng4 31. h3 Ne3 32. Rgg7 Rc8 33. Re7+ Kd8 34. Rd7+ 1-0

[Event "Perth Respini-C"]
[Site "Perth"]
[Date "2005.10.20"]
[Round "7"]
[White "Arnold, A."]
[Black "Bell, T."]
[Result "0-1"]
[WhiteElo "1359"]
[BlackElo "1458"]
[PlyCount "104"]
[EventDate "2005.09.01"]
[EventType "tourn"]
[EventRounds "9"]
[EventCountry "AUS"]
[SourceTitle "EXT 2010"]
[Source "ChessBase"]
[SourceDate "2010.11.25"]
[SourceVersion "1"]
[SourceVersionDate "2010.11.25"]
[SourceQuality "1"]

1. e4 Nf6 2. Nc3 d5 3. exd5 Nxd5 4. Nxd5 Qxd5 5. Qf3 Qxf3 6. Nxf3 Bf5 7. d3 Nc6 8. a3 e5 9. Be3 0-0-0 10. Ng5 Bg6 11. g3 h6 12. Ne4 Bxe4 13. dxe4 Nd4 14. Bxd4 Rxd4 15. Bd3 Bc5 16. 0-0-0 Rhd8 17. f3 R8d6 18. Be2 Bb6 19. c3 Rxd1+ 20. Rxd1 Be3+ 21. Kc2 Rxd1 22. Bxd1 Kd7 23. Kd3 Bg1 24. h3 Bh2 25. g4 Ke6 26. Ke2 Bg3 27. c4 c5 28. a4 Kf6 29. Kf1 Kg5 30. Kg2 Kf4 31. Bc2 Bh4 32. Bd1 Ke3 33. Bb3 Kd2 34. a5 Kc1 35. Ba4 Kxb2 36. Bb5 a6 37. Bd7 Kb3 38. Bc8 Kxc4 39. Bxb7 Kb5 40. Bd5 f6 41. Kf1 Kxa5 42. Ke2 Kb4 43. Kd3 Bf2 44. Ba2 Ka3 45. Bc4 a5 46. Kc2 Kb4 47. Ba2 c4 48. Bb1 Bd4 49. Ba2 a4 50. Kb1 Kc3 51. Kc1 a3 52. Kd1 Kd3 0-1

[Event "Perth Respini-C"]
[Site "Perth"]
[Date "2005.09.22"]
[Round "4"]
[White "Bell, T."]
[Black "Garcia, Mat"]
[Result "1-0"]
[WhiteElo "1458"]
[BlackElo "1497"]
[PlyCount "53"]
[EventDate "2005.09.01"]
[EventType "tourn"]
[EventRounds "9"]
[EventCountry "AUS"]
[SourceTitle "EXT 2010"]
[Source "ChessBase"]
[SourceDate "2010.11.25"]
[SourceVersion "1"]
[SourceVersionDate "2010.11.25"]
[SourceQuality "1"]

1. d4 c6 2. c4 d5 3. cxd5 cxd5 4. Nc3 Nc6 5. Nf3 Nf6 6. Bf4 Qb6 7. Na4 Qb4+ 8. Bd2 Qd6 9. e3 Ne4 10. Bb5 Bd7 11. Rc1 Qg6 12. 0-0 e6 13. Bxc6 Bxc6 14. Ne5 Qh6 15. Nxc6 bxc6 16. Rxc6 Bd6 17. g3 0-0 18. Nc5 Bxc5 19. dxc5 Qh3 20. Bb4 a5 21. Ba3 h5 22. b3 f5 23. Rxe6 f4 24. Qxd5 f3 25. Rf6+ Kh8 26. Rxf3 Rxf3 27. Qxa8+ 1-0